Τα θεμελιώδη καθήκοντα των δημοσιών υπαλλήλων

Saved in:
Bibliographic Details
Main Author: Κρίππας, Γιώργος Ηλ
Format: Book
Language:Greek
Published: Αθήναι : [χ.ό.], 1980
Subjects:
Tags: Add Tag
No Tags, Be the first to tag this record!

MARC

LEADER 00000cam a2200000 i 4500
001 1/28531
008 060502s1980 gre d
035 |l 10083676 
040 |a GR-MY-UA  |b gre  |e aacr 
041 0 |a gre 
082 0 |a 342.026309495  |2 (22) 
100 1 |a Κρίππας, Γιώργος Ηλ. 
245 1 3 |a Τα θεμελιώδη καθήκοντα των δημοσιών υπαλλήλων /   |c Γεωργίου Ηλ. Κρίππα. 
260 |a Αθήναι :   |b [χ.ό.],   |c 1980 
300 |a 121 σ.;  |c 22 εκ. 
500 |a Με: Σύνταγμα της Ελλάδος 1968: σχέδιον προς τον ελληνικόν λαόν . - Εισαγωγή στο διοικητικό δίκαιο / Ε. Σπηλιωτόπουλου . - Συλλογή νομολογίας των ετών 1976-1979 / Υπουργείο Εθνικής Παιδείας και Θρησκευμάτων 
650 0 0 |a Administrative law  |z Greece. 
650 0 0 |a Civil service  |z Greece. 
650 0 0 |a Civil service. 
650 0 0 |a Strikes and lockouts. 
852 |a INST  |b RHODES  |c KRI  |e 20060502  |h  342.026309495 ΣΥΝ  |p 005400020939  |q 005400020939  |t REF  |y 23 
901 |a BIBL4-2006-2 
909 |a Ρ  |b 122881 
922 |a 4ΕΛΗ 
970 |a ΣΙΔΕΡΗ  |b ΝΕΚΤΑΡΙΑ  |z 2006/04/30